000 00525nam a2200169Ia 4500
008 090201s9999 xx 000 0 und d
010 _aKPL-35243
040 _bमराठी
041 _aमराठी
082 _a20022
_b35243
100 _aस्वामी विवेकानंद
245 _aसमग्र ग्रंथ
_cस्वामी विवेकानंद
260 _c2004
_bअबक
300 _a294
_bमोठा
600 _aसमग्र ग्रंथ
942 _cBOOK
999 _c219824
_d219824